Fyzika pracovná učebnica 1 pre 6. ročník ZŠ a pre primu osemročných gymnázií

Bibliographic Details
Main Authors: Lapitková, Viera, 1948- (Author), Tóthová, Renáta, 1971- (Author), Šromeková, Karolína, 1995- (Author), Demkanin, Peter, 1966- (Author), Gubáš, Xaver (Author)
Other Authors: Slaminka, Viliam, 1985- (Illustrator)
Format: Book
Language:Slovak
PhysicalDescription:103 strán farebné fotografie, grafy, ilustrácie, schémy, tabuľky 30 cm
Published: Bratislava Indícia, s.r.o. 2023
ISBN:9788082760104
Edition:3., doplnené a prepracované vydanie
Subjects:

MARC

LEADER 00000nam a2200000 4500
001 vtls012241941
003 SK-MaSNL
005 20260301185302.0
008 231016s2023 xo odalcrp 000 0 slo
015 |a SNBA2023/11 
020 |a 9788082760104  |q (brožované) 
040 |a SNK  |b slo  |c SNK  |e rda 
041 0 |a slo 
044 |a xo  |c SK 
072 7 |a 53  |x Fyzika  |2 konspekt 
072 7 |a 37.016  |x Učebné osnovy. Vyučovacie predmety. Učebnice  |2 konspekt 
080 |a 53  |2 2011 
080 |a 544.27  |2 2011 
080 |a (075.2)  |2 2011 
080 |a (075.3)  |2 2011 
080 |a (076.1)  |2 2011 
080 |a 544.22/.23  |2 2011 
100 1 |a Lapitková, Viera,  |d 1948-  |4 aut  |9 213582 
245 1 0 |a Fyzika  |b pracovná učebnica 1 pre 6. ročník ZŠ a pre primu osemročných gymnázií  |c kolektív autorov 
246 3 4 |a Fyzika pre 6. ročník základnej školy a pre prímu osemročných gymnázií 
246 1 |i Obálkový podnázov:  |a Výlet do sveta fyziky. Výlet do sveta tekutín. Výlet do sveta tuhých látok a merania 
250 |a 3., doplnené a prepracované vydanie 
264 1 |a Bratislava  |b Indícia, s.r.o.  |c 2023 
300 |a 103 strán  |b farebné fotografie, grafy, ilustrácie, schémy, tabuľky  |c 30 cm 
336 |a text  |b txt  |2 rdacontent 
337 |a bez média  |b n  |2 rdamedia 
338 |a zväzok  |b nc  |2 rdacarrier 
500 |a Obsahuje piktogramy 
504 |a Zdroje obrazového materiálu na strane [104] 
650 0 7 |a fyzika  |2 SNKPH  |9 816 
650 0 7 |a Physics  |2 SNKPHeng  |9 266045 
650 0 7 |a Fluids  |2 SNKPHeng  |9 547721 
650 0 7 |a tekutiny  |2 SNKPH  |9 50889 
650 0 7 |a tuhé látky  |2 SNKPH  |9 3539 
650 0 7 |a Solids  |2 SNKPHeng  |9 489748 
655 7 |a učebnice základných škôl  |2 SNKPH  |9 70187 
655 7 |a učebnice stredných škôl  |2 SNKPH  |9 69323 
655 7 |a pracovné zošity  |2 SNKPH  |9 70188 
655 7 |a Secondary school textbooks  |2 SNKPHeng  |9 135487 
655 7 |a Activity books  |2 SNKPHeng  |9 302885 
655 7 |a Textbooks (elementary)  |2 SNKPHeng  |9 276977 
700 1 |a Tóthová, Renáta,  |d 1971-  |4 aut  |9 48929 
700 1 |a Šromeková, Karolína,  |d 1995-  |4 aut  |9 563052 
700 1 |a Demkanin, Peter,  |d 1966-  |4 aut  |9 234093 
700 1 |a Gubáš, Xaver  |4 aut  |9 563053 
700 1 |a Slaminka, Viliam,  |d 1985-  |4 ill  |9 213370 
787 0 8 |i Zo série:  |t ExpEdícia skús, skúmaj, spoznaj  |g 1 
852 |a Slovenská národná knižnica 
919 |a 978-80-8276-010-4 
954 |a odborná, vedecká literatúra pôvodná (slovenská)  |2 lita 
958 |a NB 
999 |c 863339  |d 865269 
952 |a SNK  |b SNK  |y PREZ  |7 0  |p 17A1535887  |o snkSB 99602  |i snk2023/14926  |8 0  |0 0  |1 0  |4 0  |d 2023-10-16  |f 1  |l 0  |r 2025-05-22 00:00:00  |w 2026-02-24 
952 |a SNK  |b SNK  |y VYP  |7 0  |p 17A1535886  |o snkSB 99602 D1  |i snk2023/14927  |8 0  |0 0  |1 0  |4 0  |d 2023-10-16  |l 0  |r 2026-02-24 05:18:39  |w 2026-02-24